00426nam a2200121 450000500170000000800410001702000180005810000740007624500590015025000170020926000490022630000290027520260227090108.0260227b |||||||| |||| 00| 0 eng d a9780321536150 aMadigan T. Michael, Martinko M. John, Dunlap V. Paul, Clark P. David. aBrock: Biology of Microorganismsc/Michael T. Madigan. a12th Edition aSan Francisco;bPearson Education Inc;c2009 axxviii, 1061p.ill;c27.5